| 000 | 00495nam a22001577a 4500 | ||
|---|---|---|---|
| 005 | 20251108164316.0 | ||
| 008 | 250721s1992 xx 000 0 ara d | ||
| 082 | 1 | 4 | _a355.3434/محم |
| 100 | 1 | _aسلامه، محمد رجب | |
| 245 | 1 | 0 |
_aالحرب النفسية الصهيونية : _bالعمليات و المواجهة / |
| 264 | 1 |
_aعمان : _bدار النهضة للنشر، _c1992. |
|
| 300 | _a126ص | ||
| 650 | 1 | 7 | _aالحرب النفسية |
| 942 |
_2ddc _cBK |
||
| 999 |
_c8967 _d8967 |
||